000 00426nam a2200181Ia 4500
001 31235
003 IN-NITTTR
005 20251114233419.0
008 251113s9999||||xx |||||||||||||| ||eng||
040 _beng
040 _cIN-NITTTR
041 _aeng
082 _a670.42 M88M
100 _aMubeen, Abdul
245 0 _aManufacturing science /
_cMubeen, Abdul, Parvez, Mohd
700 _a Parvez, Mohd
942 _2ddc
_cBK
999 _c33865
_d33865